Business communication: skills and techniques (Record no. 1305917)

MARC details
000 -LEADER
fixed length control field 00543nam a2200193Ia 4500
005 - DATE AND TIME OF LATEST TRANSACTION
control field 20250326145001.0
008 - FIXED-LENGTH DATA ELEMENTS--GENERAL INFORMATION
fixed length control field 250326s9999 xx 000 0 und d
020 ## - INTERNATIONAL STANDARD BOOK NUMBER
International Standard Book Number 978-81-8152-188-2
037 ## - SOURCE OF ACQUISITION
Stock number Textbook
040 ## - CATALOGING SOURCE
Original cataloging agency FMSL
Language of cataloging eng
Transcribing agency FMSL
041 ## - LANGUAGE CODE
Language code of text/sound track or separate title eng
Source of code eng
084 ## - COLON CLASSIFICATION NUMBER
Classification number X3:74 P7
Assigning agency FMSL
100 ## - MAIN ENTRY--PERSONAL NAME
Personal name Prasoon Y P
9 (RLIN) 750427
245 #0 - TITLE STATEMENT
Title Business communication: skills and techniques
Statement of responsibility, etc. Prasoon Y P
260 ## - PUBLICATION, DISTRIBUTION, ETC.
Place of publication, distribution, etc. India
Name of publisher, distributor, etc. India, Book Enclave
Date of publication, distribution, etc. 2007
300 ## - PHYSICAL DESCRIPTION
Extent 283p
942 ## - ADDED ENTRY ELEMENTS (KOHA)
Koha item type Textbook
Classification part X3:74 P7
Holdings
Withdrawn status Lost status Damaged status Not for loan Home library Current library Date acquired Total Checkouts Full call number Barcode Date last seen Price effective from Koha item type
        Faculty of Management Library Faculty of Management Library 2025-03-26   X3:74 P7 ML1350928 2025-03-26 2025-03-26 Textbook
Copyright @ Delhi University Library System